<?xml version="1.0" encoding="UTF-8"?>
<collection xmlns="http://www.loc.gov/MARC21/slim">
<record>
  <controlfield tag="001">169740</controlfield>
  <controlfield tag="005">20260304131018.0</controlfield>
  <datafield tag="037" ind1=" " ind2=" ">
    <subfield code="a">TAZ-TFG-2026-098</subfield>
  </datafield>
  <datafield tag="041" ind1=" " ind2=" ">
    <subfield code="a">spa</subfield>
  </datafield>
  <datafield tag="100" ind1="1" ind2=" ">
    <subfield code="a">Soria Morato, Fernando Lizer</subfield>
  </datafield>
  <datafield tag="242" ind1="0" ind2="0">
    <subfield code="a">Phonological awareness intervention proposal using UDL and ICT for a student with Down syndrome</subfield>
  </datafield>
  <datafield tag="245" ind1="0" ind2="0">
    <subfield code="a">Propuesta de intervención en conciencia fonológica mediante el DUA y las TIC para un alumno con Síndrome de Down</subfield>
  </datafield>
  <datafield tag="260" ind1=" " ind2=" ">
    <subfield code="a">Zaragoza</subfield>
    <subfield code="b">Universidad de Zaragoza</subfield>
    <subfield code="c">2026</subfield>
  </datafield>
  <datafield tag="506" ind1=" " ind2=" ">
    <subfield code="a">by-nc-sa</subfield>
    <subfield code="b">Creative Commons</subfield>
    <subfield code="c">3.0</subfield>
    <subfield code="u">http://creativecommons.org/licenses/by-nc-sa/3.0/</subfield>
  </datafield>
  <datafield tag="520" ind1=" " ind2=" ">
    <subfield code="a">La educación inclusiva exige la transformación de las prácticas docentes para garantizar el acceso al aprendizaje de todo el alumnado. Este Trabajo de Fin de Grado presenta una propuesta de intervención educativa dirigida a un alumno con Síndrome de Down escolarizado en el segundo ciclo de Educación Infantil, centrada en el desarrollo de la conciencia fonológica como base para la adquisición de la lectoescritura.&lt;br />Partiendo de las características del alumno, teniendo en cuenta sus fortalezas en el procesamiento visual y dificultades en la discriminación auditiva y motricidad, se diseña una intervención basada en el marco educativo del Diseño Universal del Aprendizaje (DUA) y el uso de las Tecnologías de la Información y la Comunicación (TIC). La propuesta hace uso de herramientas digitales para ofrecer múltiples formas de implicación, representación y expresión con el objetivo de contrarrestar las dificultades cognitivas y motoras. El fin principal es diseñar una propuesta de intervención basada en el entrenamiento de la conciencia fonológica, apoyado en recursos tecnológicos, dirigida a favorecer la autonomía, la motivación y el éxito en el proceso de alfabetización del alumnado con discapacidad.&lt;br />&lt;br /></subfield>
  </datafield>
  <datafield tag="521" ind1=" " ind2=" ">
    <subfield code="a">Graduado en Magisterio en Educación Primaria</subfield>
  </datafield>
  <datafield tag="540" ind1=" " ind2=" ">
    <subfield code="a">Derechos regulados por licencia Creative Commons</subfield>
  </datafield>
  <datafield tag="856" ind1="0" ind2=" ">
    <subfield code="f">846074@celes.unizar.es</subfield>
  </datafield>
  <datafield tag="856" ind1="4" ind2=" ">
    <subfield code="s">534429</subfield>
    <subfield code="u">http://zaguan.unizar.es/record/169740/files/TAZ-TFG-2026-098.pdf</subfield>
    <subfield code="y">Memoria (spa)</subfield>
  </datafield>
  <datafield tag="909" ind1="C" ind2="O">
    <subfield code="o">oai:zaguan.unizar.es:169740</subfield>
    <subfield code="p">driver</subfield>
    <subfield code="p">trabajos-fin-grado</subfield>
  </datafield>
  <datafield tag="950" ind1=" " ind2=" ">
    <subfield code="a"></subfield>
  </datafield>
  <datafield tag="691" ind1=" " ind2=" ">
    <subfield code="a">0</subfield>
  </datafield>
  <datafield tag="692" ind1=" " ind2=" ">
    <subfield code="a"></subfield>
  </datafield>
  <datafield tag="700" ind1=" " ind2=" ">
    <subfield code="a">Casanovas López, Raquel</subfield>
    <subfield code="e">dir.</subfield>
  </datafield>
  <datafield tag="710" ind1="2" ind2=" ">
    <subfield code="a">Universidad de Zaragoza</subfield>
    <subfield code="b"> </subfield>
    <subfield code="c"></subfield>
  </datafield>
  <datafield tag="980" ind1=" " ind2=" ">
    <subfield code="a">TAZ</subfield>
    <subfield code="b">TFG</subfield>
    <subfield code="c">FCHE</subfield>
  </datafield>
  <datafield tag="999" ind1=" " ind2=" ">
    <subfield code="a">20260123165642.CREATION_DATE</subfield>
  </datafield>
  <datafield tag="951" ind1=" " ind2=" ">
    <subfield code="a">deposita:2026-03-04</subfield>
  </datafield>
</record>
</collection>